000
00295nam a22001337a 4500
008
170928b xxu||||| |||| 00| 0 eng d
020
_a
9780536268402
041
_a
eng
080
_a
37
100
_a
47
101
_a
37 TAN
245
_a
THE PENGUIN HANDBOOK
_c
LESTER
942
_2
udc
_c
BK
999
_c
30400
_d
30400